<?xml version="1.0" encoding="UTF-8"?>
<record
    xmlns:xsi="http://www.w3.org/2001/XMLSchema-instance"
    xsi:schemaLocation="http://www.loc.gov/MARC21/slim http://www.loc.gov/standards/marcxml/schema/MARC21slim.xsd"
    xmlns="http://www.loc.gov/MARC21/slim">

  <leader>00727nam a2200265 i 4500</leader>
  <controlfield tag="001">C2-0300930</controlfield>
  <controlfield tag="003">PPAK</controlfield>
  <controlfield tag="005">20180728082334.0</controlfield>
  <controlfield tag="008">091125s2009    my  |||| |||||  |   may d</controlfield>
  <datafield tag="020" ind1=" " ind2=" ">
    <subfield code="a">9789679715958</subfield>
  </datafield>
  <datafield tag="040" ind1=" " ind2=" ">
    <subfield code="a">PPAK</subfield>
    <subfield code="b">eng</subfield>
    <subfield code="c">PPAK</subfield>
    <subfield code="e">rda</subfield>
  </datafield>
  <datafield tag="082" ind1="0" ind2="4">
    <subfield code="a">899.233</subfield>
    <subfield code="2">23</subfield>
  </datafield>
  <datafield tag="090" ind1="0" ind2="0">
    <subfield code="a">899.233</subfield>
    <subfield code="b">SYA</subfield>
    <subfield code="d">K</subfield>
  </datafield>
  <datafield tag="100" ind1="0" ind2=" ">
    <subfield code="a">Syahida Saliman, </subfield>
    <subfield code="e">author</subfield>
  </datafield>
  <datafield tag="245" ind1="1" ind2="0">
    <subfield code="a">Masih Belum Terlewat</subfield>
  </datafield>
  <datafield tag="264" ind1=" " ind2="1">
    <subfield code="a">Petaling Jaya, Selangor : </subfield>
    <subfield code="b">Flo Enterprise , </subfield>
    <subfield code="c">2009</subfield>
  </datafield>
  <datafield tag="300" ind1=" " ind2=" ">
    <subfield code="a">82 pages ; </subfield>
    <subfield code="c">18 cm</subfield>
  </datafield>
  <datafield tag="336" ind1=" " ind2=" ">
    <subfield code="2">rdacontent</subfield>
    <subfield code="a">text</subfield>
  </datafield>
  <datafield tag="337" ind1=" " ind2=" ">
    <subfield code="2">rdamedia</subfield>
    <subfield code="a">unmediated</subfield>
  </datafield>
  <datafield tag="338" ind1=" " ind2=" ">
    <subfield code="2">rdacarrier</subfield>
    <subfield code="a">volume</subfield>
  </datafield>
  <datafield tag="490" ind1="1" ind2=" ">
    <subfield code="a">Siri Persahabatan Remaja</subfield>
  </datafield>
  <datafield tag="650" ind1="1" ind2="0">
    <subfield code="a">Malay fiction</subfield>
  </datafield>
  <datafield tag="830" ind1=" " ind2="0">
    <subfield code="a">Siri Persahabatan Remaja</subfield>
  </datafield>
  <datafield tag="942" ind1=" " ind2=" ">
    <subfield code="d">dc</subfield>
    <subfield code="c">B</subfield>
  </datafield>
  <datafield tag="999" ind1=" " ind2=" ">
    <subfield code="c">104755</subfield>
    <subfield code="d">104755</subfield>
  </datafield>
  <datafield tag="952" ind1=" " ind2=" ">
    <subfield code="0">0</subfield>
    <subfield code="7">0</subfield>
    <subfield code="b">PD31</subfield>
    <subfield code="c">K</subfield>
    <subfield code="d">2009-11-25</subfield>
    <subfield code="o">K 899.233 SYA</subfield>
    <subfield code="p">A01328644</subfield>
    <subfield code="r">2018-05-09 00:00:00</subfield>
    <subfield code="y">B</subfield>
  </datafield>
  <datafield tag="952" ind1=" " ind2=" ">
    <subfield code="0">0</subfield>
    <subfield code="7">0</subfield>
    <subfield code="b">B3</subfield>
    <subfield code="c">K</subfield>
    <subfield code="d">2009-11-25</subfield>
    <subfield code="l">0</subfield>
    <subfield code="o">K 899.233 SYA</subfield>
    <subfield code="p">A01328645</subfield>
    <subfield code="r">2018-05-09 00:00:00</subfield>
    <subfield code="y">B</subfield>
  </datafield>
  <datafield tag="952" ind1=" " ind2=" ">
    <subfield code="0">0</subfield>
    <subfield code="7">0</subfield>
    <subfield code="b">PD33</subfield>
    <subfield code="c">K</subfield>
    <subfield code="d">2009-11-25</subfield>
    <subfield code="l">0</subfield>
    <subfield code="o">K 899.233 SYA</subfield>
    <subfield code="p">A01328646</subfield>
    <subfield code="r">2018-05-09 00:00:00</subfield>
    <subfield code="y">B</subfield>
  </datafield>
</record>
